| 000 | 00817cam a2200217 4500 | ||
|---|---|---|---|
| 001 | ABS61793 | ||
| 008 | 000000n2000 000 0 eng u | ||
| 035 | _a(Sirsi) u103744 | ||
| 100 | _aRipper, M. | ||
| 245 | _aExcellent teams | ||
| 260 | _c2000 | ||
| 490 |
_aPremises and Facilities Management _vJanuary 2000, 32-33(2) |
||
| 520 | _aAdvice for organisations on how to test whether their facilities management team is providing the right service and value for money. Outlines five key indicators of excellence. Further details available on the Internet at: http://www.i-fm.net | ||
| 590 | _aABS | ||
| 650 |
_aFACILITIES MANAGEMENT _96240 |
||
| 650 | _aPERFORMANCE INDICATORS | ||
| 650 | _aQUALITY MANAGEMENT | ||
| 650 | _aBUILDING MANAGEMENT | ||
| 690 | _aMANAGEMENT-FACILITIES MANAGEMENT | ||
| 942 | _n0 | ||
| 999 |
_c62308 _d62308 |
||